|
|
|
|
| LEADER |
00000nam a22000007a 4500 |
| 005 |
20150406230144.0 |
| 007 |
cr|||| |||| |
| 008 |
150406s2014 ar |||||s|||| 00||0 spa d |
| 020 |
|
|
|a 978-950-536-256-1
|
| 035 |
|
|
|a 12637
|
| 040 |
|
|
|a vLex
|
| 090 |
|
|
|c 5384
|d 5384
|
| 100 |
1 |
|
|a Capn̤ Filas, Rodolfo
|
| 245 |
1 |
0 |
|a Tratado de Derecho del Trabajo
|h [Recurso electrn̤ico] /
|c Rodolfo Capn̤ Filas
|n Tomo II
|
| 256 |
|
|
|a Servicio en ln̕ea
|
| 260 |
|
|
|a La Plata:
|b Editora Platense,
|c 2014
|
| 300 |
|
|
|a 1 recurso electrn̤ico
|
| 506 |
1 |
|
|a Disponible solo en los productos indicados
|d vLex Global
|d vLex Global (Academic Edition, excluding Law Schools)
|d vLex Global (U.S. Academic Edition, Law Schools)
|d vLex Global (U.S. Academic Edition, excluding Law Schools)
|d vLex Global (Academic Edition, Law Schools)
|
| 650 |
0 |
4 |
|a Derecho Laboral y Seguridad Social
|z Argentina
|
| 740 |
0 |
|
|a vLex Libros (Servicio en ln̕ea)
|
| 856 |
4 |
0 |
|u http://vlex.com/source/tratado-derecho-trabajo-tomo-ii-12637
|z Acceso restringido
|
| 942 |
|
|
|c BOOK
|
| 999 |
0 |
|
|a Labor and Social Security
|